| 000 | 00581pam a2200181 i 4500 | ||
|---|---|---|---|
| 005 | 20250901165323.0 | ||
| 008 | 800610s1980 nyua b 001 0 eng | ||
| 010 | _a 80018343 | ||
| 020 | _a0025554506 | ||
| 050 | 0 | 0 |
_aHG6046 .H83 _b.H83 |
| 082 | 0 | 0 | _a332.63/28 |
| 100 | 1 | _aHuff, Charles. | |
| 245 | 1 | 0 |
_aCommodity speculation for beginners : _ba guide to the futures market / _cCharles Huff and Barbara Marinacci. |
| 260 |
_aNew York : _bMacmillan ; _aLondon : _bCollier Macmillan, _cc1980. |
||
| 300 |
_axv, 256 p. : _bill. ; _c24 cm. |
||
| 500 | _aIncludes index. | ||
| 942 | _2ddc | ||
| 999 |
_c2105 _d2105 |
||